<?xml version="1.0" encoding="UTF-8"?><?xml-stylesheet type="text/xsl" href="static/style.xsl"?><OAI-PMH xmlns="http://www.openarchives.org/OAI/2.0/" xmlns:xsi="http://www.w3.org/2001/XMLSchema-instance" xsi:schemaLocation="http://www.openarchives.org/OAI/2.0/ http://www.openarchives.org/OAI/2.0/OAI-PMH.xsd"><responseDate>2026-04-14T06:10:13Z</responseDate><request verb="GetRecord" identifier="oai:www.recercat.cat:10230/25222" metadataPrefix="marc">https://recercat.cat/oai/request</request><GetRecord><record><header><identifier>oai:recercat.cat:10230/25222</identifier><datestamp>2025-12-12T02:15:59Z</datestamp><setSpec>com_2072_6</setSpec><setSpec>col_2072_452952</setSpec></header><metadata><record xmlns="http://www.loc.gov/MARC21/slim" xmlns:dcterms="http://purl.org/dc/terms/" xmlns:xsi="http://www.w3.org/2001/XMLSchema-instance" xmlns:doc="http://www.lyncode.com/xoai" xsi:schemaLocation="http://www.loc.gov/MARC21/slim http://www.loc.gov/standards/marcxml/schema/MARC21slim.xsd">
   <leader>00925njm 22002777a 4500</leader>
   <datafield ind2=" " ind1=" " tag="042">
      <subfield code="a">dc</subfield>
   </datafield>
   <datafield ind2=" " ind1=" " tag="720">
      <subfield code="a">Esplugues, Ana</subfield>
      <subfield code="e">author</subfield>
   </datafield>
   <datafield ind2=" " ind1=" " tag="720">
      <subfield code="a">Estarlich, Marisa</subfield>
      <subfield code="e">author</subfield>
   </datafield>
   <datafield ind2=" " ind1=" " tag="720">
      <subfield code="a">Sunyer Deu, Jordi</subfield>
      <subfield code="e">author</subfield>
   </datafield>
   <datafield ind2=" " ind1=" " tag="720">
      <subfield code="a">Fuentes Leonarte, Virginia</subfield>
      <subfield code="e">author</subfield>
   </datafield>
   <datafield ind2=" " ind1=" " tag="720">
      <subfield code="a">Basterrechea, Mikel</subfield>
      <subfield code="e">author</subfield>
   </datafield>
   <datafield ind2=" " ind1=" " tag="720">
      <subfield code="a">Vrijheid, Martine</subfield>
      <subfield code="e">author</subfield>
   </datafield>
   <datafield ind2=" " ind1=" " tag="720">
      <subfield code="a">Riaño Galán, Isolina</subfield>
      <subfield code="e">author</subfield>
   </datafield>
   <datafield ind2=" " ind1=" " tag="720">
      <subfield code="a">Santa Marina, Loreto</subfield>
      <subfield code="e">author</subfield>
   </datafield>
   <datafield ind2=" " ind1=" " tag="720">
      <subfield code="a">Tardón, Adonina</subfield>
      <subfield code="e">author</subfield>
   </datafield>
   <datafield ind2=" " ind1=" " tag="260">
      <subfield code="c">2015-11-25T17:51:59Z</subfield>
   </datafield>
   <datafield ind2=" " ind1=" " tag="260">
      <subfield code="c">2015-11-25T17:51:59Z</subfield>
   </datafield>
   <datafield ind2=" " ind1=" " tag="260">
      <subfield code="c">2013</subfield>
   </datafield>
   <datafield ind2=" " ind1=" " tag="520">
      <subfield code="a">BACKGROUND: Studies that have evaluated the association between exposure to gas appliances emissions at home with respiratory health in children obtained heterogeneous and limited results. The aim of this study is to analyze the association between the use of gas cooking at home during pregnancy and respiratory problems in children during their first year of life. METHODS: In the years 2003 through 2008 pregnant women were enrolled in 4 Spanish areas and visited in different age-points following a common protocol. Outcomes studied (from a questionnaire) were any episode of lower respiratory tract infection (LRTI), wheezing, persistent cough, chestiness and otitis. The association between exposure to gas cooking at home and respiratory outcomes was assessed using logistic regression and adjusting by confounding variables. Some potential effect modifiers (i.e. smoking, fruit and vegetables consumption) were examined. RESULTS: Among the 2003 children included in the study, a total of 731 (36.6%) had a LRTI episode, 693 (34.6%) experienced wheezing, 302 (15.5%) a persistent cough, 939 (47.4%) chestiness and 620 (31.2%) had an episode of otitis during their first year of life. Gas cookers were present in 45.5% of homes. Exposure to gas cooking in homes was not associated with respiratory outcomes Odds Ratios (OR) were close to 1 and not statistically significant. However, a positive association was found for otitis among infants whose mothers reported low intakes of fruit and vegetables during pregnancy [OR (95% CI) = 1.38 (1.01-1.9)] and also wheezing and chestiness were associated with gas cookers among those children whose mothers smoked during pregnancy. CONCLUSIONS: In susceptible subjects (those whose mothers smoke and consumed below average fruit and vegetables) we found an association between exposure to gas cooking during pregnancy and risk of wheezing, chestiness and otitis during the first year of life. But more research is needed regarding not only gas cooking and respiratory health but also the possible effect modifier role of diet and tobacco.</subfield>
   </datafield>
   <datafield tag="653" ind2=" " ind1=" ">
      <subfield code="a">Tabac -- Efectes fisiològics</subfield>
   </datafield>
   <datafield tag="653" ind2=" " ind1=" ">
      <subfield code="a">Aparell respiratori Malalties en els infants</subfield>
   </datafield>
   <datafield tag="653" ind2=" " ind1=" ">
      <subfield code="a">Aire -- Contaminació</subfield>
   </datafield>
   <datafield tag="653" ind2=" " ind1=" ">
      <subfield code="a">Gas cooking</subfield>
   </datafield>
   <datafield tag="653" ind2=" " ind1=" ">
      <subfield code="a">Infant</subfield>
   </datafield>
   <datafield tag="653" ind2=" " ind1=" ">
      <subfield code="a">Wheezing</subfield>
   </datafield>
   <datafield tag="653" ind2=" " ind1=" ">
      <subfield code="a">Chestiness</subfield>
   </datafield>
   <datafield tag="653" ind2=" " ind1=" ">
      <subfield code="a">Otitis</subfield>
   </datafield>
   <datafield tag="653" ind2=" " ind1=" ">
      <subfield code="a">Pregnancy</subfield>
   </datafield>
   <datafield tag="653" ind2=" " ind1=" ">
      <subfield code="a">Fruit and vegetable consumption</subfield>
   </datafield>
   <datafield tag="653" ind2=" " ind1=" ">
      <subfield code="a">Tobacco</subfield>
   </datafield>
   <datafield ind2="0" ind1="0" tag="245">
      <subfield code="a">Prenatal exposure to cooking gas and respiratory health in infants is modified by tobacco smoke exposure and diet in the INMA birth cohort study</subfield>
   </datafield>
</record></metadata></record></GetRecord></OAI-PMH>